| 000 | 00500nam a2200169Ia 4500 | ||
|---|---|---|---|
| 008 | 230718s9999 xx 000 0 und d | ||
| 020 | _a9780143428961 | ||
| 041 | _aeng | ||
| 082 |
_a658.402 _bKAN |
||
| 100 |
_aKannan I. _9200070 |
||
| 245 |
_aNetwork18 _bThe Audacious Story Of A Start-Up That Became A Media Empire |
||
| 260 |
_c2016 _bPortfolio /Penguin |
||
| 300 | _a319 | ||
| 365 |
_cRs. _b399.00 |
||
| 700 |
_aKannan I. _9200070 |
||
| 906 |
_dO:0554313-Jun-2017B:320104-May-2017 _cMGMT _b87.78 |
||
| 999 |
_c344734 _d344734 |
||